Basic College Mathematics (Record no. 3703)

MARC details
000 -LEADER
fixed length control field 00431nam a22001577a 4500
008 - FIXED-LENGTH DATA ELEMENTS--GENERAL INFORMATION
fixed length control field 250529b |||||||| |||| 00| 0 eng d
020 ## - INTERNATIONAL STANDARD BOOK NUMBER
ISBN 0395712173
100 ## - MAIN ENTRY--AUTHOR
Author Aufmann .N. Richard
245 ## - TITLE STATEMENT
Title Basic College Mathematics
Remainder of title An Applied Approach
250 ## - EDITION STATEMENT
Edition statement 5th
260 ## - PUBLICATION, DISTRIBUTION, ETC. (IMPRINT)
Place of publication Boston
Name of publisher Houghton Mifflin Company
Date of publication 1995
300 ## - COLLATION
Pagination iv, 212p.
Other physical details illustration;
650 ## - TRACINGS
Main Subject Mathematics
942 ## - ADDED ENTRY ELEMENTS (KOHA)
Item type Books
050 ## - LIBRARY OF CONGRESS CALL NUMBER
Classification number QA39.2
Item number .A88 1995
Holdings
Source of classification or shelving scheme Not for loan Permanent location Current location Date acquired Accession No. Full call number Barcode. Koha item type
Library of Congress Classification   Samuel Ogbemudia Main Library, University of Abuja Samuel Ogbemudia Main Library, University of Abuja 05/29/2025 2025/64473 QA39.2.A88 1995 2025-2255 Books
Library of Congress Classification   Samuel Ogbemudia Main Library, University of Abuja Samuel Ogbemudia Main Library, University of Abuja 05/29/2025 2025/64473 QA39.2.A88 1995 2025-2256 Books
Library of Congress Classification   Samuel Ogbemudia Main Library, University of Abuja Samuel Ogbemudia Main Library, University of Abuja 05/29/2025 2025/64473 QA39.2.A88 1995 2025-2257 Books